000 00758nam a22002777a 4500
001 BR2018002157
003 BR-BrBNA
005 20230928105345.0
007 ta
008 230509b bl.||||| |||| 00| 0 por d
040 _aBR-BrBNA
_bpor
_cBiblioteca Nacional de Agricultura
041 _a(Por)
072 _aE50; E14
090 _ E50 BR2018002157
100 1 _aSwarbrooke, J.
245 1 _aTurismo sustentável: turismo cultural, ecoturismo e ética, v. 5
250 1 _a2. ed.
260 3 _aSão Paulo, SP (Brasil):
_c2000.
300 _a135 p.
500 _aBibliography p. 127-135; 14 illus.
650 _aDESENVOLVIMENTO SUSTENTÁVEL
650 _aTURISMO
650 _aECOLOGIA
909 _a202309
_bLucia
_c55
_dLucia Elande
942 _cBK
999 _c84797
_d84797